000 00892cam a2200253 a 4500
005 20200104041555.0
008 960618s1996 enka b 001 0 eng d
020 _a0412591901
040 _aUk
_cUk
_dDNAL
_dDLC
_dCO-BoIAVH
041 0 _aspa
044 _axxk
082 0 0 _a577.18
_bW72b
100 1 _aWilliamson, M. H.
245 1 0 _aBiological invasions /
_cMark Williamson.
250 _a1a. edición
260 _aLondres (Inglaterra) ;
_aNew York :
_bChapman & Hall,
_c1996.
300 _axii, 244 páginas :
_bilustraciones (algunas a color) ;
_c24 cm.
504 _aIncluye referencias bibliográficas (páginas 197-226) e índices.
650 0 _aInvasiones biológicas.
650 6 _aInvasiones biológicas.
_vInvestigaciones
650 6 _aInvasiones biológicas.
_xEfectos
650 6 _aInvasiones biológicas.
_xComunidades
942 _2ddc
_cLIBRO
999 _c5000
_d5000